| 000 | 01368naa a22003737a 4500 | ||
|---|---|---|---|
| 001 | BR7703250 | ||
| 003 | BR-BrBNA | ||
| 005 | 20240918174004.0 | ||
| 007 | ta | ||
| 008 | 230509b bl.||||| |||| 00| 0 por d | ||
| 040 |
_aBR-BrBNA _bpor _cBiblioteca Nacional de Agricultura |
||
| 041 | _a(Pt) | ||
| 072 |
_aF50; L74 _b2790 _b5212 _bG514 |
||
| 090 | _aF50 BR7703250 | ||
| 100 | 1 | _aSantos, H.L. dos | |
| 100 | 1 | _aFerreira, M.B. | |
| 100 | 1 | _aD'Assumpcao, W.R.C. | |
| 100 | 1 | _aGavilanes, M.L. | |
| 100 | 1 | _aCouto, E. de S. | |
| 100 | 1 | _aSantos, F.C. dos | |
| 111 | 1 |
_a26. Congresso Nacional de Botanica _cRio de Janeiro, RJ (Brazil) _d26 Jan 1975 |
|
| 245 | 1 | _aEspecies arboreas responsaveis por intoxicacao em bovinos-i: Dimorphandra mollis Benth e Dimorphandra wilsonii Rizz [Barbatimao; Planta toxica; Brasil] | |
| 260 | 3 |
_aRio de Janeiro, RJ (Brasil): _c1977. |
|
| 500 | _aTrabalhos do 26. Congresso Nacional de Botanica Rio de Janeiro, RJ (Brasil): 1977. p. 573-585 (BR7703250-AM)F50 | ||
| 650 | _aEstrutura vegetal | ||
| 650 | _aDisturbio animal | ||
| 650 | _aBarbatimao | ||
| 650 | _aBovino | ||
| 650 | _aAnatomia | ||
| 650 | _aIntoxicacao animal | ||
| 773 | 0 |
_tTrabalhos do 26. Congresso Nacional de Botanica _wF50 BR7703250 _gRio de Janeiro, RJ (Brasil), 1977. p. 573-585 |
|
| 909 |
_a202404 _bLucia _c55 _dLucia Elande |
||
| 942 |
_cAM _2AGRIS |
||
| 999 |
_c308165 _d308165 |
||